| 000 | 00641cab a2200217 4500 | ||
|---|---|---|---|
| 001 | WB2405-38 | ||
| 008 | 090401t1988 xxu||||| |||| 00| 0 eng d | ||
| 035 | _a(Sirsi) u25740 | ||
| 041 | _aeng | ||
| 245 | _aDocklands office market | ||
| 260 | _c1988 | ||
| 350 | _a0 | ||
| 490 |
_aEstates Gazette _vno 8803, 23/1/88 p38 |
||
| 520 | _aLooks at the latest report from Knight Frank and Rutley on prospects for the office and residential property market s in London `s docklands . | ||
| 650 | _aCITY | ||
| 650 | _aISLE OF DOGS | ||
| 650 | _aROYAL DOCKS | ||
| 690 | _aPROPERTY-COMMERCIAL PROPERTY | ||
| 942 | _n0 | ||
| 948 | _c04/03/1997 | ||
| 999 |
_c17299 _d17299 |
||